=LDR 00000nam 2200000 4500 =001 000633 =005 20250711120151 =035 ##$$a 0010-0725000501 =007 ta =008 250711################a##########0#ind## =020 ##$$a 978-602-437-774-8 =082 ##$$a 398.209 598 =084 ##$$a 398.209 598 PER a =100 #$$a Pertiwi, Leestia Prita =245 1#$$a Astronaut Cilik /$c Pritha Leestia =250 ##$$a Cetakan Pertama =260 ##$$a Jakarta Timur :$b Badan Pengembangan dan Pembinaan Bahasa,$c 2024 =300 ##$$a 28 hlm. : $b Ilus. ; $c 29,7 cm =650 #4$$a Cerita Anak - Indonesia =650 #4$$a Kesusastraan Anak =856 ##$$a TBM As-Suhada =990 ##$$a TBM04010401